Colombia : (Registro nro. 7606)

Detalles MARC
000 -LEADER
fixed length control field 01080nam a2200253Ia 4500
003 - CONTROL NUMBER IDENTIFIER
control field OSt
005 - DATE AND TIME OF LATEST TRANSACTION
control field 20210417204543.0
008 - FIXED-LENGTH DATA ELEMENTS--GENERAL INFORMATION
fixed length control field 210310s2000 ck gr 000 0 spa d
040 ## - CATALOGING SOURCE
Original cataloging agency CO-JMCR
Transcribing agency CO-JMCR
041 0# - LANGUAGE CODE
Language code of text/sound track or separate title spa
082 04 - DEWEY DECIMAL CLASSIFICATION NUMBER
Classification number 336.201 /
Item number S559c
Edition number 23
100 1# - MAIN ENTRY--PERSONAL NAME
Personal name Shome, Parthasarathi,
9 (RLIN) 14920
Relator term autor
245 10 - TITLE STATEMENT
Title Colombia :
Remainder of title la política tributaria, 1995-99 y los pasos a seguir /
Statement of responsibility, etc. Parthasarathi Shome, Erik Haindl y Osvaldo Schenone
260 ## - PUBLICATION, DISTRIBUTION, ETC.
Place of publication, distribution, etc. Bogotá :
Name of publisher, distributor, etc. Fondo Monetario Internacional,
Date of publication, distribution, etc. 2000
300 ## - PHYSICAL DESCRIPTION
Other physical details 54 páginas ;
Dimensions 28 cm.
500 ## - GENERAL NOTE
General note Incluye notas a pie de página.
505 0# - FORMATTED CONTENTS NOTE
Formatted contents note Resumen ejecutivo -- Impuesto a la Renta de Personas Naturales -- Impuesto a la Renta de las Personas Jurídicas -- Impuesto al Valor Agregado (IVA)
650 14 - SUBJECT ADDED ENTRY--TOPICAL TERM
Topical term or geographic name entry element Política tributaria
9 (RLIN) 14922
General subdivision Informes
Chronological subdivision 1995-1999
Geographic subdivision Colombia
650 24 - SUBJECT ADDED ENTRY--TOPICAL TERM
Topical term or geographic name entry element Política fiscal
General subdivision Informes
Chronological subdivision 1995-1999
Geographic subdivision Colombia
9 (RLIN) 36934
650 24 - SUBJECT ADDED ENTRY--TOPICAL TERM
Topical term or geographic name entry element Impuestos
General subdivision Informes
Chronological subdivision 1995-1999
Geographic subdivision Colombia
9 (RLIN) 36935
700 1# - ADDED ENTRY--PERSONAL NAME
Personal name Haindl, Erik,
Relator term autor
9 (RLIN) 36936
700 1# - ADDED ENTRY--PERSONAL NAME
Personal name Schenone, Osvaldo,
Relator term autor
9 (RLIN) 36937
942 ## - ADDED ENTRY ELEMENTS (KOHA)
Source of classification or shelving scheme Dewey Decimal Classification
Koha item type Books
Existencias
Withdrawn status Lost status Source of classification or shelving scheme Damaged status Not for loan Collection code Home library Current library Date acquired Source of acquisition Full call number Barcode Date last seen Copy number Koha item type Total Checkouts Price effective from
    Dewey Decimal Classification     Non-fiction Biblioteca Pública José María del Castillo y Rada Biblioteca Pública José María del Castillo y Rada 04/15/2018 Donación 336.201 / S559c 430000187 05/16/2024 Ej.2 Books    
    Dewey Decimal Classification     Non-fiction Biblioteca Pública José María del Castillo y Rada Biblioteca Pública José María del Castillo y Rada 04/15/2018 Donación 336.201 / S559c 430004599 05/16/2024 Ej.1 Books   04/17/2021